00479nam a22001577a 450000500170000000800410001702000160005804100130007408200150008710000270010224500690012925000190019826000470021730000320026465000250029620231117062037.0231117b |||||||| |||| 00| 0 eng d a070211376 X aEnglish  a343.9 BAM  aBamford, BR lEnglish  aThe Law of Shipping and Carriage in South Africa / cBR Bamford  aThird Edition  aCape Town : bJuta and Company Ltd, c1983 bxlvi, 389 pages ; c26 cm.  aLegal practice bLaw